| 000 | 00807nam a2200253Ia 4500 | ||
|---|---|---|---|
| 003 | OSt | ||
| 005 | 20221005040015.0 | ||
| 006 | a|||||r|||| 00| 0 | ||
| 007 | ta | ||
| 008 | 221004b |||||||| |||| 00| 0 eng d | ||
| 020 |
_a9789385957031 (hbk) _cINR 1195.00 |
||
| 024 | _a29333 | ||
| 037 |
_bIN/2016-17/900, 25/02/2017, Selectbook Service Syndicate _cTextual |
||
| 040 |
_aCRL _cCRL _beng |
||
| 041 |
_2eng _aeng |
||
| 082 | _aQ4, Q6 | ||
| 100 |
_aBhikkhu Upanandad _9588843 |
||
| 245 | 0 | _aTrajectory of Buddhism in United Provinces (1858 - 1947) | |
| 260 |
_aDelhi _bMeena Book India _c2016 |
||
| 300 |
_axvi,320p. _ccm. |
||
| 650 | _aBUDDHISM | ||
| 942 |
_hQ4, Q6 _cTEXL _2cc |
||
| 999 |
_c946219 _d946219 |
||